| 000 | 00928nam a22002297a 4500 | ||
|---|---|---|---|
| 005 | 20260220062454.0 | ||
| 008 | 260220b |||||||| |||| 00| 0 eng d | ||
| 020 | _a9789350722138 (hbk) | ||
| 037 | _cTB | ||
| 040 |
_aCRL _cCRL |
||
| 041 |
_2hin _ahin |
||
| 084 |
_aNT44 152Q2 _qCRL |
||
| 100 | _aगुन्देचा, संगीता | ||
| 245 | _aनाट्यदर्शन | ||
| 260 |
_aनयी दिल्ली, भारत: _bसंगीत नाटक अकादमी, _c2012. |
||
| 300 | _a159पृ. | ||
| 365 |
_b350.00 _cINR |
||
| 650 | _aललित कला | ||
| 650 | _aथिएटर | ||
| 942 |
_2CC _cTB _hNT44 152Q2 _n0 |
||
| 999 |
_c1680027 _d1680027 |
||